000 00773nam a2200229Ii 4500
003 JO-AjNU
008 230605s9999||||xx |||||||||||||| ||und||
017 _a2019/9071
020 _a978-977-541-080-5
040 _aJO-AjNU
_bara
_erda
_cJO-AjNU
041 _aara
050 1 4 _aK51974 2020
100 3 _aاعداد جاسم، بيداء صلاح الدين,
_eauthor
_961814
245 0 0 _aالمسؤولية الجنائية عن التحرش الالكتروني
250 _aط1
264 3 1 _aالقاهرة: المركز العربي للنشر والتوزيع، 2020
300 _a262ص
336 _atext
_btxt
_2rdacontent
337 _aunmediated
_bn
_2rdamedia
338 _avolume
_bnc
_2rdacarrier
650 4 _aالمعلوماتية- قانون
_961815
999 _aA27960
_c31528
_d31528